<?xml version="1.0" encoding="UTF-8"?>
<record
    xmlns:xsi="http://www.w3.org/2001/XMLSchema-instance"
    xsi:schemaLocation="http://www.loc.gov/MARC21/slim http://www.loc.gov/standards/marcxml/schema/MARC21slim.xsd"
    xmlns="http://www.loc.gov/MARC21/slim">

  <leader>01553nam a2200385   4500</leader>
  <controlfield tag="003">OSt</controlfield>
  <controlfield tag="005">20231023125409.0</controlfield>
  <controlfield tag="008">231018s2017    mx ad||f |||| 001 0 spa d</controlfield>
  <datafield tag="020" ind1=" " ind2=" ">
    <subfield code="a"> 9789264280762 (OCDE)</subfield>
  </datafield>
  <datafield tag="020" ind1=" " ind2=" ">
    <subfield code="a"> 9789253098088 (FAO)</subfield>
  </datafield>
  <datafield tag="040" ind1=" " ind2=" ">
    <subfield code="e">rda</subfield>
    <subfield code="c">CHAP</subfield>
  </datafield>
  <datafield tag="082" ind1="0" ind2="0">
    <subfield code="2">22</subfield>
    <subfield code="a">338.1</subfield>
    <subfield code="b">O15 2017</subfield>
  </datafield>
  <datafield tag="245" ind1=" " ind2=" ">
    <subfield code="a">OCDE- FAO perspectivas agr&#xED;colas 2017-2026 /</subfield>
    <subfield code="c">edici&#xF3;n en espa&#xF1;ol por Laura Milena Valencia Escobar y Garc&#xED;a Baena Sonia</subfield>
  </datafield>
  <datafield tag="246" ind1="3" ind2="4">
    <subfield code="a">OCDE- FAO perspectivas agr&#xED;colas 2017-2026:</subfield>
  </datafield>
  <datafield tag="250" ind1=" " ind2=" ">
    <subfield code="a">Decimotercera edici&#xF3;n</subfield>
  </datafield>
  <datafield tag="264" ind1=" " ind2="4">
    <subfield code="a">Par&#xED;s:</subfield>
    <subfield code="b">OCDE:</subfield>
    <subfield code="b"> FAO:</subfield>
    <subfield code="b">Universidad Aut&#xF3;noma Chapingo,</subfield>
    <subfield code="c">2017.</subfield>
  </datafield>
  <datafield tag="300" ind1=" " ind2=" ">
    <subfield code="a">149 p&#xE1;ginas:</subfield>
    <subfield code="b">Ilustraciones, gr&#xE1;ficas, cuadros.</subfield>
  </datafield>
  <datafield tag="336" ind1=" " ind2=" ">
    <subfield code="2">rdacontent</subfield>
    <subfield code="a">texto</subfield>
    <subfield code="b">txt</subfield>
  </datafield>
  <datafield tag="337" ind1=" " ind2=" ">
    <subfield code="2">rdamedia</subfield>
    <subfield code="b">n</subfield>
    <subfield code="a">sin medio</subfield>
  </datafield>
  <datafield tag="338" ind1=" " ind2=" ">
    <subfield code="2">rdacarrier</subfield>
    <subfield code="a">volumen</subfield>
    <subfield code="b">nc</subfield>
  </datafield>
  <datafield tag="500" ind1=" " ind2=" ">
    <subfield code="a">Contenido con enfoque especial: Sudeste asi&#xE1;tico</subfield>
  </datafield>
  <datafield tag="504" ind1=" " ind2=" ">
    <subfield code="a">Incluye &#xED;ndice y bibliograf&#xED;a</subfield>
  </datafield>
  <datafield tag="534" ind1=" " ind2=" ">
    <subfield code="p">Publicado originalmente:</subfield>
    <subfield code="t">Agricultural Outlook 2017-2026.</subfield>
    <subfield code="c">Organizaci&#xF3;n para la Cooperaci&#xF3;n y el Desarrollo Econ&#xF3;micos (OCDE) y la Organizaci&#xF3;n de las Naciones Unidas para la Alimentaci&#xF3;n y la Agricultura (FAO)</subfield>
  </datafield>
  <datafield tag="650" ind1=" " ind2="4">
    <subfield code="9">188164</subfield>
    <subfield code="a">Producci&#xF3;n agr&#xED;cola</subfield>
    <subfield code="z">Asia</subfield>
  </datafield>
  <datafield tag="650" ind1=" " ind2="4">
    <subfield code="9">139697</subfield>
    <subfield code="a">Producci&#xF3;n agr&#xED;cola</subfield>
    <subfield code="x">Estad&#xED;sticas </subfield>
  </datafield>
  <datafield tag="650" ind1=" " ind2="4">
    <subfield code="9">151512</subfield>
    <subfield code="a">Agricultura aspectos econ&#xF3;micos</subfield>
  </datafield>
  <datafield tag="700" ind1="1" ind2=" ">
    <subfield code="9">188160</subfield>
    <subfield code="a">Valencia Escobar, Laura Milena</subfield>
    <subfield code="e">edici&#xF3;n</subfield>
  </datafield>
  <datafield tag="700" ind1="1" ind2=" ">
    <subfield code="9">188163</subfield>
    <subfield code="a">Garc&#xED;a Baena, Sonia</subfield>
    <subfield code="e">edici&#xF3;n</subfield>
  </datafield>
  <datafield tag="942" ind1=" " ind2=" ">
    <subfield code="2">ddc</subfield>
  </datafield>
  <datafield tag="942" ind1=" " ind2=" ">
    <subfield code="2">ddc</subfield>
  </datafield>
  <datafield tag="942" ind1=" " ind2=" ">
    <subfield code="2">ddc</subfield>
  </datafield>
  <datafield tag="942" ind1=" " ind2=" ">
    <subfield code="2">ddc</subfield>
  </datafield>
  <datafield tag="942" ind1=" " ind2=" ">
    <subfield code="2">ddc</subfield>
  </datafield>
  <datafield tag="942" ind1=" " ind2=" ">
    <subfield code="c">LIBRO</subfield>
  </datafield>
  <datafield tag="999" ind1=" " ind2=" ">
    <subfield code="c">219289</subfield>
    <subfield code="d">219289</subfield>
  </datafield>
  <datafield tag="952" ind1=" " ind2=" ">
    <subfield code="0">0</subfield>
    <subfield code="1">0</subfield>
    <subfield code="2">ddc</subfield>
    <subfield code="4">0</subfield>
    <subfield code="5">1</subfield>
    <subfield code="7">0</subfield>
    <subfield code="8">FAO</subfield>
    <subfield code="a">BC</subfield>
    <subfield code="b">BC</subfield>
    <subfield code="c">PP_FAO</subfield>
    <subfield code="d">2023-10-18</subfield>
    <subfield code="l">0</subfield>
    <subfield code="o">338.1 O15 2017</subfield>
    <subfield code="p">33724002581320</subfield>
    <subfield code="r">2023-10-18 00:00:00</subfield>
    <subfield code="w">2023-10-18</subfield>
    <subfield code="y">LIBRO</subfield>
  </datafield>
</record>
